Un milagro llamado Ibáñez / (Record no. 195848)

MARC details
000 -LEADER
campo de control de longitud fija 01537nam a2200397 i 4500
001 - NÚMERO DE CONTROL
campo de control 195848
003 - IDENTIFICADOR DE NÚMERO DE CONTROL
campo de control SpMaBN
005 - FECHA Y HORA DE LA ÚLTIMA TRANSACCIÓN
campo de control 20250406000927.0
008 - DATOS DE LONGITUD FIJA--INFORMACIÓN GENERAL
campo de control de longitud fija 240721s2022 sp a | |||| 001 0 spa
015 ## - NÚMERO DE BIBLIOGRAFÍA NACIONAL
Número de bibliografía nacional MON22
017 ## - NÚMERO DE COPYRIGHT O DE DEPÓSITO LEGAL
Número de copyright o de depósito legal CC 135-2022
Agencia que asigna Oficina Depósito Legal Cáceres
020 ## - NÚMERO INTERNACIONAL ESTÁNDAR DEL LIBRO
Número Internacional Estándar del Libro 9788409423156
035 ## - NÚMERO DE CONTROL DEL SISTEMA
Número de control de sistema a7177288
040 ## - FUENTE DE CATALOGACIÓN
Centro catalogador/agencia de origen SpMaBN
Lengua de catalogación spa
Centro/agencia transcriptor SpMaBN
Normas de descripción rda
080 ## - NÚMERO DE LA CLASIFICACIÓN DECIMAL UNIVERSAL
Número de la Clasificación Decimal Universal 61 Ibáñez Hernando, Salvador
080 ## - NÚMERO DE LA CLASIFICACIÓN DECIMAL UNIVERSAL
Número de la Clasificación Decimal Universal 615.15
100 ## - ENTRADA PRINCIPAL--NOMBRE DE PERSONA
Nombre de persona Martorell, Paco
9 (RLIN) 237599
245 13 - MENCIÓN DEL TÍTULO
Título Un milagro llamado Ibáñez /
Mención de responsabilidad, etc. Paco Martorell.
264 #1 - PRODUCCIÓN, PUBLICACIÓN, DISTRIBUCIÓN, FABRICACIÓN Y COPYRIGHT
Producción, publicación, distribución, fabricación y copyright [Cáceres] :
Nombre del de productor, editor, distribuidor, fabricante [F. Martorell],
Fecha de producción, publicación, distribución, fabricación o copyright 2022
264 #3 - PRODUCCIÓN, PUBLICACIÓN, DISTRIBUCIÓN, FABRICACIÓN Y COPYRIGHT
Producción, publicación, distribución, fabricación y copyright [Cáceres] :
Nombre del de productor, editor, distribuidor, fabricante Gráficas Color Extremadura S.L.,
Fecha de producción, publicación, distribución, fabricación o copyright [2022]
264 #4 - PRODUCCIÓN, PUBLICACIÓN, DISTRIBUCIÓN, FABRICACIÓN Y COPYRIGHT
Fecha de producción, publicación, distribución, fabricación o copyright ©2022
300 ## - DESCRIPCIÓN FÍSICA
Extensión 395 páginas :
Otras características físicas ilustraciones (blanco y negro) ;
Dimensiones 21 cm
336 ## - TIPO DE CONTENIDO
Término de tipo de contenido Texto
Fuente rdacontent
337 ## - TIPO DE MEDIO
Nombre/término del tipo de medio sin mediación
Fuente rdamedia
338 ## - TIPO DE SOPORTE
Nombre/término del tipo de soporte volumen
Fuente rdacarrier
500 ## - NOTA GENERAL
Nota general "Todo lo que la profesión debería saber sobre la mayor movilización de la historia de la farmacia española"--Cubierta
500 ## - NOTA GENERAL
Nota general Índices
600 #0 - PUNTO DE ACCESO ADICIONAL DE MATERIA--NOMBRE DE PERSONA
Nombre de persona Ibáñez Hernando, Salvador,
Fechas asociadas al nombre 1941-2001
9 (RLIN) 237600
650 #4 - PUNTO DE ACCESO ADICIONAL DE MATERIA--TÉRMINO DE MATERIA
Término de materia o nombre geográfico como elemento de entrada Farmacéuticos-
9 (RLIN) 12716
Subdivisión geográfica España
852 ## - LOCALIZACIÓN
Ubicación ES-MaACL
Sublocalización o colección R.153584
Ubicación en estantería Depósito J
Número de control de estantería N-8863
Anotaciones manuscritas Dedicatoria autógrafa por el autor
Donativo/Legado Donación: Paco Martorell
Encuadernación Encuadernación: rustica
903 ## - NOMBRE PERSONAL DE DONANTE
9 237599
a Martorell, Paco
e Donante
942 ## - ELEMENTOS DE ENTRADA SECUNDARIOS (KOHA)
Fuente del sistema de clasificación o colocación Clasificación decimal universal
Tipo de ítem Koha Libro impreso
Suprimir en OPAC No
954 ## - CATALOGADORES
Estado de la copia Tatiana Alejandra de Castro Pérez
Holdings
Estatus retirado Estado de pérdida Fuente del sistema de clasificación o colocación Estado de daño No para préstamo Colección Biblioteca de origen Biblioteca actual Ubicación en estantería Fecha de adquisición Fuente de adquisición Total de préstamos Signatura topográfica completa Código de barras Visto por última vez Precio de reemplazo Tipo de ítem Koha
    Clasificación decimal universal     Libros con dedicatorias Biblioteca del Ateneo de Madrid Biblioteca del Ateneo de Madrid Depósito J 10/03/2025 Donación   N-8863 101229607 10/03/2025 10/03/2025 Libro impreso